Name the Author of the Book Quiz Stats

 Plays Quiz not verified by Sporcle

Challenge
Share
Tweet
Embed
Score 0/10 Timer 08:00
0 Plays Today
Authors authors % Correct
William Shakespeare
97.6%
J. D. Salinger
87.8%
Stephanie Meyer
86.6%
F. Scott Fitzgerald
85.4%
Alice Sebold
45.1%
Arthur Golden
26.8%
Sophie Kinsella
12.2%
Lauren Weisberger
8.5%
Emily Giffin
7.3%
James Frey
4.9%

You're not logged in!

Compare scores with friends on all Sporcle quizzes.
Join for Free
OR
Log In

You Might Also Like...

Show Comments

Extras

Top Quizzes Today


Score Distribution

Your Account Isn't Verified!

In order to create a playlist on Sporcle, you need to verify the email address you used during registration. Go to your Sporcle Settings to finish the process.

Report this User

Report this user for behavior that violates our Community Guidelines.

Details: